الديه و أحكامها في الشريعة الإسلامية و القانون : (رقم التسجيلة. 2355)

تفاصيل مارك
000 -الفاتح
عناصر البيانات ثابتة الطول 00758cam a2200181 i 4500
005 - تاريخ ووقت آخر معاملة
حقل ضبط 20251214115440.0
008 - عناصر البيانات ثابتة الطول
عناصر البيانات ثابتة الطول 250721s1971 iq gr 000 0 ara d
082 14 - رقم تصنيف ديوي العشري
رقم التصنيف 216,8
رقم المادة خ ا ل
100 1# - مدخل رئيسي – اسم شخصي
الاسم الشخصي الجميلي، خالد رشيد
علاقة الشخص بالعمل/ دوره مؤلف.
245 10 - بيان العنوان
العنوان الديه و أحكامها في الشريعة الإسلامية و القانون :
بقية العنوان بحث مقارن /
بيان المسؤولية خالد رشيد الجميلي.
264 31 - بيانات النشر، التوزيع…إلخ
مكان النشر، التوزيع...إلخ بغداد :
اسم الناشر، الموزع...إلخ مطبعة دار السلام،
تاريخ النشر، التوزيع...إلخ 1971.
300 ## - الوصف المادي
عدد الوحدات المكونة للوعاء مراجع:
المادة المصاحبة 808 ص
490 0# - بيان السلسلة
عنوان السلسلة رسالة مقدمة الى كلية الآداب وهيئة الدراسات العليا في جامعة بغداد
650 17 - مدخل إضافي بالموضوع - مصطلح موضوعي
مصطلح موضوعي أو اسم جغرافي كعنصر مدخل الإسلام.
650 17 - مدخل إضافي بالموضوع - مصطلح موضوعي
مصطلح موضوعي أو اسم جغرافي كعنصر مدخل العقوبات.
942 ## - بيانات إضافية (كوها)
نوع التنصيف Dewey Decimal Classification
نوع المادة (كوها) كتب
المقتنيات
حالة السحب حالة الفقدان مصدر التصنيف حالة التلف غير قابل للإعارة المكتبة الرئيسية المكتبة الحالية موقع الرف تاريخ التزويد الرقم المتسلسل Total Checkouts رقم الإستدعاء الباركود تاريخ آخر ظهور تاريخ الفاتورة نوع المادة (كوها)
    Dewey Decimal Classification     المكتبة المركزية المكتبة المركزية الإعارة 06/07/2004 54807   216,8 / خ ا ل DUP-02_54807 28/07/2025 06/07/2004 كتب
Implemented & Customized by: BBB with SCIT (Smart Chains for Information Technology)

Powered by Koha